000 00555nam a2200181Ia 4500
005 20250326141616.0
008 250326s9999 xx 000 0 und d
037 _aTextbook
040 _aFMSL
_beng
_cFMSL
041 _aeng
_2eng
084 _aX65 N1
_qFMSL
100 _aTomkins C
_9744753
245 0 _aCorporate resource allocation : ficial strategic and organizational Perspective
_cTomkins C
260 _aUnited Kingdom
_bUnited Kingdom, Basil Blackwell
_c1991
300 _a282p
942 _cTB
_hX65 N1
999 _c1291124
_d1291124